000 00707nam a22001817a 4500
005 20250108154247.0
010 _aHIN-129196
020 _a9788190317729
_c395.00
035 _aHN-101542
037 _bDBAD
082 _a305.4
100 _aनैयर, रेणुका
_976120
245 _aनारी स्वतंत्रता के बदलते रूप /
_cरेणुका नैयर
260 _aहरियाणा
_bबेटर बुक्स
_c2021
270 _a1471- सेक्टर 15 पंचकुला
_bहरियाणा
300 _a197पृ.
_c22 सेमी (सजिल्द )
942 _2ddc
_cHN
_h305.4
_mनैयर
999 _c208218
_d208218